000
00212 a2200109 4500
020
_a
0916856186
041
_a
eng
100
_a
Anonimo
245
_a
Alcoholics Anonymous
942
_c
BK
952
_7
1
_x
Auto Ayuda
999
_c
25852
_d
25852